000 00919nam a2200289 i 4500
001 000022471
003 DO-SdBNP
005 20240305130443.0
007 ta
008 101011s2003 dr 000 0 spa d
040 _aDO-SdBNP
_bspa
_cBNPHU
_erda
049 _aBNPD
082 4 _bI73e
_222
100 1 _aIsa Conde, Narciso,
_d1942-
_eautor
_912387
245 1 4 _aLas entrañas de un poder gansterizado :
_bBANINTER: siete pecados capitales, el testimonio de la crisis y mucho más /
_cNarciso Isa Conde, Fernando Peña.
250 _a2a ed.
264 _aSanto Domingo :
_bTropical,
_c2003.
300 _a242 páginas ;
_c22 cm.
336 _2rdacontent
_atexto
_btxt
337 _2rdamedia
_asin mediación
_bn
338 _2rdacarrier
_avolumen
_bnc
504 _aBibliografía : p. 240-242
590 _aInventariado, 2023/BT
700 1 _aPeña, Fernando
_946305
910 _aBtavárez
942 _2ddc
_cLBS1
999 _c21969
_d21969